Many paths : (Record no. 55414)

MARC details
000 -LEADER
fixed length control field 00511nam a22001577a 4500
008 - FIXED-LENGTH DATA ELEMENTS--GENERAL INFORMATION
fixed length control field 200227b ||||| |||| 00| 0 eng d
020 ## - INTERNATIONAL STANDARD BOOK NUMBER
International Standard Book Number 0883445484
050 ## - LIBRARY OF CONGRESS CALL NUMBER
Classification number BR127
Item number .H56 1989
100 ## - MAIN ENTRY--PERSONAL NAME
Personal name Hillman, Eugene
245 ## - TITLE STATEMENT
Title Many paths :
Remainder of title a Catholic approach to religious pluralism /
Statement of responsibility, etc Eugene Hillman
260 ## - PUBLICATION, DISTRIBUTION, ETC. (IMPRINT)
Place of publication, distribution, etc Maryknoll, N.Y. :
Name of publisher, distributor, etc Orbis Books,
Date of publication, distribution, etc 1989
300 ## - PHYSICAL DESCRIPTION
Extent xi, 95 p. ;
Dimensions 24 cm
500 ## - GENERAL NOTE
General note Includes index and bibliography
650 ## - SUBJECT ADDED ENTRY--TOPICAL TERM
Topical term or geographic name as entry element Catholic Church
General subdivision Relations
942 ## - ADDED ENTRY ELEMENTS (KOHA)
Source of classification or shelving scheme Library of Congress Classification
Item type Book
Holdings
Withdrawn status Lost status Source of classification or shelving scheme Damaged status Not for loan Collection code Home library Current library Shelving location Date acquired Source of acquisition Cost, normal purchase price Full call number Barcode Copy number Price effective from Koha item type
    Library of Congress Classification     Non-fiction Bishop Okullu Memorial Library (Limuru Campus) Bishop Okullu Memorial Library (Limuru Campus) General Circulation 27/02/2020 Donation-TBN 500.00 BR127 .H56 1989 063660 1 27/02/2020 Book